000 03183nam a22002537a 4500
003 UA-OsUOA
005 20210608113537.0
008 210608b un ||||| m||| 00| 0 ukr d
040 _aUA-OsUOA
_bukr
_cUA-OsUOA
_dUA-OsUOA
041 _aukr
080 _a159.27:343.915:343.7
090 _a159.27:343.915:343.7
095 _a19.00.06
_bюридична психологія
100 _aВерховська Н. А.
245 _aСтавлення до смертної кари як складова професійної свідомості працівників
_cВерховська Неллі Анатоліївна ; наук. керівник Казміренко Людмила Іванівна
260 _aКиїв
_b2009
300 _a18 с.
502 _6Автореферат дисертації на здобуття наукового ступеня кандидата психологічних наук
_d2009
_cАкадемія управління Міністерства внутрішніх справ
520 _aДисертація є першим в Україні комплексним дослідженням, присвяченим психологічному впливу ставлення до правового інституту смертної кари (СК) на свідомість правників, психологічним детермінантам, що зумовлюють його, а також розробці науково обґрунтованих психолого-юридичних заходів, спрямованих на конструктивне спрямування зазначеного впливу. Визначено психолого-юридичний зміст та сутність поняття “правовий інститут СК”, “орієнтири професійної свідомості” та надано характеристику психолого-правового статусу потерпілого від злочину. Висвітлено напрями, зміст й особливості правового та юридико- психологічного формування професійної свідомості правників, встановлено та охарактеризовано чинники, що впливають на упереджене ставлення до правового інституту СК й винесено та обґрунтовано науковий підхід до вирішення цієї проблеми. Розроблено психопрофілактичну програму для підвищення ефективності формування професійної свідомості правників, де ставлення до СК виступає фактором впливу на емпатійне відношення правника до жертви злочину.
650 _a159 Психологія
_2UDC
942 _2udc
_cAR
955 _a1
999 _c570765
_d570765